<?xml version="1.0" encoding="UTF-8"?>
<collection xmlns="http://www.loc.gov/MARC21/slim">
  <record>
    <leader>00000nam  2200000   4500</leader>
    <controlfield tag="001">INLIS000000000006026</controlfield>
    <controlfield tag="005">20191028034453</controlfield>
    <datafield tag="035" ind1="#" ind2="#">
      <subfield code="a">0010-1019000145</subfield>
    </datafield>
    <controlfield tag="007">ta</controlfield>
    <controlfield tag="008">191028################g##########0#ind##</controlfield>
    <datafield tag="020" ind1="#" ind2="#">
      <subfield code="a">9794081523</subfield>
    </datafield>
    <datafield tag="082" ind1="#" ind2="#">
      <subfield code="a">300.18</subfield>
    </datafield>
    <datafield tag="084" ind1="#" ind2="#">
      <subfield code="a">300.18 Bur m</subfield>
    </datafield>
    <datafield tag="100" ind1=" " ind2="#">
      <subfield code="a">Burns, Tom R.</subfield>
    </datafield>
    <datafield tag="245" ind1="1" ind2="#">
      <subfield code="a">Manusia, Keputusan, Masyarakat: Teori Dinamika Antara Aktor dan Sistem untuk Ilmuwan Sosial. /</subfield>
      <subfield code="c">Tom R. Burns</subfield>
    </datafield>
    <datafield tag="250" ind1="#" ind2="#">
      <subfield code="a">Ed.1</subfield>
    </datafield>
    <datafield tag="260" ind1="#" ind2="#">
      <subfield code="a">Jakarta :</subfield>
      <subfield code="b">PT. Pradnya Paramita,</subfield>
      <subfield code="c">1987</subfield>
    </datafield>
    <datafield tag="300" ind1="#" ind2="#">
      <subfield code="a">536 hal. :</subfield>
      <subfield code="b">ilus ;</subfield>
      <subfield code="c">21 cm</subfield>
    </datafield>
    <datafield tag="650" ind1="#" ind2="#">
      <subfield code="a">Ilmu-Ilmu Sosial, Metodologi, Dinamikan Sosial.</subfield>
    </datafield>
    <datafield tag="700" ind1=" " ind2="#">
      <subfield code="a">Baumgartner, Thomas</subfield>
    </datafield>
    <datafield tag="700" ind1=" " ind2="#">
      <subfield code="a">Devilie, Philippe</subfield>
    </datafield>
    <datafield tag="520" ind1="#" ind2="#">
      <subfield code="a">Dalam buku ini, dengan judul asli Man, Decisions, Society (Denga buku pendampingnya The Shaping of Socio-Economic Systems) para penulis menyajikan pendekatan yang inovatif di bidang riset ilmu sosial: sebuah metodologi baru yang disebut "actor-system dunamies" memungkinkan dibuatnya analisis yang lebih efektif mengenai perkembangan dan problema kemasyarakatan yang modern. Dengan menggunakan "flow chart" metodologi ini menunjukkan segi-segi penting dari fenomena sosial dan membuat proses-proses yang rumit dapat dilihat dan dimengerti.</subfield>
    </datafield>
    <datafield tag="856" ind1="#" ind2="#">
      <subfield code="a">Perpustakaan Lembaga Administrasi Negara</subfield>
    </datafield>
    <datafield tag="990" ind1="#" ind2="#">
      <subfield code="a">04038132</subfield>
    </datafield>
  </record>
</collection>
